La fortune privée à travers sept siècles / (Record no. 26609)

MARC details
000 -LEADER
campo de control de longitud fija 00596nam a2200193 i 4500
001 - NÚMERO DE CONTROL
campo de control 26609
003 - IDENTIFICADOR DE NÚMERO DE CONTROL
campo de control ES-MaACL
005 - FECHA Y HORA DE LA ÚLTIMA TRANSACCIÓN
campo de control 20250810063023.0
007 - CAMPO FIJO DE DESCRIPCIÓN FÍSICA--INFORMACIÓN GENERAL
campo de control de longitud fija t|
008 - DATOS DE LONGITUD FIJA--INFORMACIÓN GENERAL
campo de control de longitud fija 030109s1913 fr ||||1| fre d
100 1# - ENTRADA PRINCIPAL--NOMBRE DE PERSONA
Nombre de persona Avenel, Georges d',
Fechas asociadas al nombre 1855-1939
9 (RLIN) 24019
245 13 - MENCIÓN DEL TÍTULO
Título La fortune privée à travers sept siècles /
Mención de responsabilidad, etc. par le Vicomte G. d'Avenel.
250 ## - MENCION DE EDICION
Mención de edición 3ª ed.
260 ## - PUBLICACIÓN, DISTRIBUCIÓN, ETC.
Lugar de publicación, distribución, etc. París :
Nombre del editor, distribuidor, etc. Colommiers,
Fecha de publicación, distribución, etc. 1913 (
Fabricante Imp. Paul brodar)
300 ## - DESCRIPCIÓN FÍSICA
Extensión XIV, 411 p. ;
Dimensiones 19 cm.
650 #4 - PUNTO DE ACCESO ADICIONAL DE MATERIA--TÉRMINO DE MATERIA
Término de materia o nombre geográfico como elemento de entrada Riqueza-
Subdivisión geográfica Francia-
Subdivisión de forma Historia.
9 (RLIN) 164964
852 ## - LOCALIZACIÓN
Ubicación ES-MaACL
Número de control de estantería F-10311
Holdings
Estatus retirado Estado de pérdida Estado de daño No para préstamo Biblioteca de origen Biblioteca actual Ubicación en estantería Fecha de adquisición Fuente de adquisición Total de préstamos Signatura topográfica completa Código de barras Visto por última vez Precio de reemplazo Tipo de ítem Koha
        Biblioteca del Ateneo de Madrid Biblioteca del Ateneo de Madrid Sala Pecera Planta 2 17/01/2008     F-10311 1027460 23/02/2023 23/02/2023 Libro impreso